Statistics for Taylor Swift - Red (Taylor's Version) Track Listing

Click here to take the quiz!

General Stats

  • This quiz has been taken 68 times
  • The average score is 22 of 30

Answer Stats

Track% Correct
2Red
100%
1State Of Grace
98%
5All Too Well
89%
3Treacherous
89%
4I Knew You Were Trouble
86%
622
82%
8We Are Never Ever Getting Back Together
82%
16Begin Again
77%
19Girl At Home
75%
12Sad Beautiful Tragic
75%
9Stay Stay Stay
75%
10The Last Time (feat. Gary Lightbody of Snow Patrol)
75%
30All Too Well (10 Minute Version)
73%
18Come Back...Be Here
73%
14Everything Has Changed (feat. Ed Sheeran)
73%
7I Almost Do
73%
17The Moment I Knew
73%
21Ronan
70%
22Better Man
68%
11Holy Ground
68%
15Starlight
68%
13The Lucky One
68%
24Babe
66%
27Forever Winter
66%
23Nothing New (feat. Phoebe Bridgers)
66%
29The Very First Night
66%
26I Bet You Think About Me (feat. Chris Stapleton)
64%
28Run (feat. Ed Sheeran)
64%
25Message In a Bottle
59%
20State of Grace (Acoustic Version)
57%

Score Distribution

Percentile by Number Answered

Percent of People with Each Score

Your Score History

You have not taken this quiz